000 01263nam0a22002771 4500
001 rc\2881499
005 20250529213636.0
035 _a(NLR Aleph) 007034302
090 _a6034308
_c6034308
100 _a20110720d1929 |||y0rusy50 ca
101 0 _arus
102 _aRU
105 _ay z |||||
200 1 _aПолитпросветработа
_eСборник материалов по политпросветработе для совпартшкол
_fСоставили Л. Кирсанов и М. Шишкин
_gПод ред. Я. Нетупской и А. Ширямова ...
_gГлавполитпросвет. Ленингр. коммун. политико-просвет. ин-т им. Н. К. Крупской
210 _aМосква
_cНаркомпрос РСФСР
_cГос. изд-во
_d1929
_eЛенинград
_gЦентр. тип. Наркомвоенмора
215 _a523 с.
_d24×16 см
700 1 _aКирсанов
_bЛ.Г.
_f1901-
_gЛеонид Гаврилович
701 1 _aШишкин
_bМ.
702 1 _aНетупская
_bЯ.
_4340
702 1 _aШирямов
_bА.
_4340
801 0 _aRU
_bNLR
_gpsbo
801 1 _aRU
_bELAR
_2rusmarc
852 _aNLR
_j66/188
852 _aNLR
_j90-5/3401
942 _cBOOK
980 _aNB